|
|
|
|
| LEADER |
00000cam a22000004a 4500 |
| 001 |
musev2_74463 |
| 003 |
MdBmJHUP |
| 005 |
20230905051719.0 |
| 006 |
m o d |
| 007 |
cr||||||||nn|n |
| 008 |
160424s1992 mx o 00 0 spa d |
| 020 |
|
|
|a 9786076288320
|
| 020 |
|
|
|z 9789681205041
|
| 035 |
|
|
|a (OCoLC)1075474429
|
| 040 |
|
|
|a MdBmJHUP
|c MdBmJHUP
|
| 245 |
0 |
0 |
|a Mujer y SIDA /
|c Programa Interdisciplinario de Estudios de la Mujer
|
| 250 |
|
|
|a Primera edición
|
| 264 |
|
1 |
|a Mexico, D.F. :
|b Colegio de Mexico,
|c 1992
|
| 264 |
|
3 |
|a Baltimore, Md. :
|b Project MUSE,
|c 2020
|
| 264 |
|
4 |
|c ©1992
|
| 300 |
|
|
|a 1 online resource:
|b illustrations
|
| 336 |
|
|
|a text
|b txt
|2 rdacontent
|
| 337 |
|
|
|a computer
|b c
|2 rdamedia
|
| 338 |
|
|
|a online resource
|b cr
|2 rdacarrier
|
| 490 |
0 |
|
|a Jornadas ;
|v 121
|
| 505 |
0 |
|
|a Mujer y SIDA en Mexico: epidemiología / Jose Luis Valdespino Gómez, Ma. de Lourdes García García, Elia Loo Mendez, Aurora del Río Zolezzi, Rey Arturo Salcedo A., Jaime Sepúlveda Amor -- SIDA: el riesgo de ignorar / Rosa María Martina Sufía -- SIDA, aborto, e ideología: un análisis de prensa / Alicia Lozano Mascarúa -- Más que un número / Ana Luisa Liguori -- El SIDA, el deseo y sus paradojas / María Antonieta Torres Arias -- Una perspectiva feminista ante el SIDA / Mercedes Barquet -- Prostitución y SIDA / Patricia Urbe Zúñiga -- Mujer, sexualidad y SIDA / Alma Aldana
|
| 506 |
0 |
|
|a Open Access
|f Unrestricted online access
|2 star
|
| 588 |
|
|
|a Description based on print version record.
|
| 650 |
1 |
7 |
|a AIDS.
|2 gtt
|
| 650 |
1 |
7 |
|a Vrouwen.
|2 gtt
|
| 650 |
|
7 |
|a Women
|x Diseases.
|2 fast
|0 (OCoLC)fst01176639
|
| 650 |
|
7 |
|a AIDS (Disease)
|2 fast
|0 (OCoLC)fst00793808
|
| 650 |
|
7 |
|a HISTORY / Latin America / Mexico
|2 bisacsh
|
| 650 |
|
6 |
|a Femmes.
|
| 650 |
|
6 |
|a Sida.
|
| 650 |
|
6 |
|a Femmes
|x Maladies
|z Mexique.
|
| 650 |
|
6 |
|a Sida
|z Mexique.
|
| 650 |
2 |
2 |
|a Women
|
| 650 |
1 |
2 |
|a Acquired Immunodeficiency Syndrome
|
| 650 |
|
0 |
|a Women.
|
| 650 |
|
0 |
|a AIDS (Disease)
|
| 650 |
|
0 |
|a Women
|x Diseases
|z Mexico.
|
| 650 |
|
0 |
|a AIDS (Disease)
|z Mexico.
|
| 651 |
|
7 |
|a Mexico.
|2 fast
|0 (OCoLC)fst01211700
|
| 655 |
|
7 |
|a Actes de congres.
|2 rvmgf
|
| 655 |
|
7 |
|a Conference papers and proceedings.
|2 lcgft
|
| 655 |
|
2 |
|a Congress
|
| 655 |
|
7 |
|a Electronic books.
|2 local
|
| 710 |
2 |
|
|a Colegio de Mexico.
|b Programa Interdisciplinario de Estudios de la Mujer.
|
| 710 |
2 |
|
|a Project Muse.
|e distributor
|
| 830 |
|
0 |
|a Book collections on Project MUSE.
|
| 856 |
4 |
0 |
|z Texto completo
|u https://projectmuse.uam.elogim.com/book/74463/
|